Score 0/15 Timer 01:00
1 Play Today
Hint Answer % Correct
Capital city of IrelandDublin
97.2%
NFL team in MiamiDolphins
89.7%
Teenage Mutant Ninja TurtleDonatello
79.8%
Playing card suitDiamonds
79%
Original (13) American colonyDelaware
72.3%
Dog breedDachshund (Dalmatian)
69.7%
Chinese zodiac animalDog (Dragon)
68.4%
Disney animated classicDumbo (Dinosaur)
67.7%
Hint Answer % Correct
Author: Oliver TwistDickens
66.9%
TV Show: J.R. EwingDallas
65.5%
Scooby-Doo gang member (first name)Daphne
62.5%
French for TwoDeux
60%
Three Tenors memberDomingo
39.6%
Greek Goddess (Fertility and Agriculture)Demeter
24.4%
Element: Chemical symbol DbDubnium
13.7%
Remove Ads.
Support Sporcle.
Get the best of Sporcle when you Go Orange. This ad-free experience offers more features, more stats, and more fun while also helping to support Sporcle. Thank you for becoming a member.

You're not logged in!

Compare scores with friends on all Sporcle quizzes.
OR
Log In

Sporcle TV

Today on Sporcle TV


Watch our educational content, quiz creation guides, and fun videos on Sporcle TV.

Show Comments

Extras

Top Quizzes Today


Score Distribution

Paid Content

Your Account Isn't Verified!

In order to create a playlist on Sporcle, you need to verify the email address you used during registration. Go to your Sporcle Settings to finish the process.

Report this User

Report this user for behavior that violates our Community Guidelines.

Details: